1529 1658 1019 1000 1629 1824 1954 1531 1659 1167 1955 1183 1239 1524 1214 1458 1997 1505 1906 1305 1574 1595 1914 1978 1553 1003 1698 1737 1860 1313 1648 1818 1887 1660 1829 1326 1094 1930 1046 1581 1052 1106 1771 1687 1105 1705 1770 1397 1846 1449 1023 1076 1697 1126 1914 1343 1291 1716 1294 1694 1401 1151 1921 1829 1607 1441 1053 1748 1524 1494 1581 1404 1287 1936 1522 1980 1027 1095 1681 1715 1201 1919 1673 1004 1541 1635 1336 1995 1159 1204 1559 1605 1316 1535 1624 1285 1405 1080 1871 BCNSPRNW ULIB Ver.6.0+V

เปลี่ยนเป็นภาษาไทย

Change to English
 แสดงรายละเอียดบรรณานุกรม
  กลับหน้าหลัก

Brief Record : Get Marc (ISO 2709) : E-mail record : QR code < ปิดหน้าต่าง
LEADER : 00000nam 2200000uu 4500
001    13399107713
003     ULIB
008    110124s2553||||th 000 0 tha d
020    9789741112661
060 04 WI140^bC641 2553
245 00 Clinical practice in gastroenterology /^cบรรณาธิการ, สถาพรมานัสสถิตย์, สุพจน์ พงศ์ประสบชัย, อุดม คชินทร
250    พิมพ์ครั้งที่ 1
260    กรุงเทพฯ :^bสาขาวิชาโรคระบบทางเดินอาหาร ภาควิชาอายุรศาสตร์คณะแพทยศาสตร์ศิริราชพยาบาล มหาวิทยาลัยมหิดล,^c2553
300    ก-ซ, 441 หน้า :^bภาพประกอบ ;^c27 ซม.
650  7 กระเพาะอาหารและลำไส้, โรค
650  7 กระเพาะอาหารและลำไส้, วิทยา
653    ผลงานอาจารย์คณะแพทยศาสตร์ศิริราชพยาบาล
700 0  สถาพร มานัสสถิตย์,^eบรรณาธิการ
700 0  สุพจน์ พงศ์ประสบชัย,^eบรรณาธิการ
700 0  อุดม คชินทร,^eบรรณาธิการ
710 2  มหาวิทยาลัยมหิดล. ^bคณะแพทยศาสตร์. ^bภาควิชาอายุรศาสตร์.^bสาขาวิชาโรคระบบทางเดินอาหาร
945    ^p400^l0^i029559
945    ^p400^l0^i029558
945    ^p400^l0^i029557
995    เกษร
999 ^a ใช้งานได้ทุกระบบ
รายการนี้ยังไม่มีแท็ก
คุณยังไม่ได้ล็อกอิน คุณสามารถมีกิจกรรมร่วมกับเว็บไซต์ได้ แต่ต้องล็อกอินก่อน ::
  ล็อกอิน

รายการสื่อสารสนเทศ

ลำดับที่ ประเภท เลขเรียก/บาร์โค้ด สถานที่ สถานะ
1. วิทยาศาสตร์การแพทย์ และสุขภาพ
หนังสือสำรอง
สถานะ=หนังสือสำรอง
WI140 C641 2553 ฉ.1 
  Barcode: 029557
ห้องสมุดวิทยาเขตสวรรค์ประชารักษ์
►ส่วนจัดเก็บหนังสือเก่า สปร
บนชั้น
  ขอยืม
2. วิทยาศาสตร์การแพทย์ และสุขภาพ
วิทยาศาสตร์การแพทย์ และสุขภาพ
WI140 C641 2553 ฉ.2 
  Barcode: 029558
ห้องสมุดวิทยาเขตสวรรค์ประชารักษ์
►ส่วนจัดเก็บหนังสือเก่า สปร
บนชั้น
  ขอยืม
3. วิทยาศาสตร์การแพทย์ และสุขภาพ
วิทยาศาสตร์การแพทย์ และสุขภาพ
WI140 C641 2553 ฉ.3 
  Barcode: 029559
ห้องสมุดวิทยาเขตสวรรค์ประชารักษ์
►ส่วนจัดเก็บหนังสือเก่า สปร
บนชั้น
  ขอยืม

รายการใกล้เคียง
    หัวเรื่อง [กระเพาะอาหารและลำไส้, โรค]
    หัวเรื่อง [กระเพาะอาหารและลำไส้, วิทยา]

BibComment


ยังไม่เคยถูกคอมเมนท์

คอมเมนท์ทรัพยากรรายการนี้
  คอมเมนท์: Clinical practice..


 Copyright 2026. Bcnsprnw @Library